00517nam a2200169Ia 450000500170000000800410001704000190005804100120007708200250008910000250011424500590013926000390019830000100023765000670024765100230031485000100033720230426154303.0131103s9999 xx 000 0 und d aLoreto College aEnglish aTAG 891.441bTAG-CHA aChatterjee, Sudhakar aRabindranath o bharatiya shahityacSudhakar Chatterjee aCalcuttabA. Mukherjee & Co.c1966 a152p  aTagore, Rabindranath, 1861-1941 - Criticism and Interpretation aBengali Literature aLCLIB